00686nam a22001697a 4500003000900000008004100009040007100050082002200121100002100143245004000164260002900204300002800233505020600261650001700467650001700484650001500501AR-CdUCM190417b ||||| |||| 00| 0 spa d aMUNICIPALIDAD PROVINCIAL DEL CUSCOcBIBLIOTECA MUNICIPAL DEL CUSCO a149 /bG88 / 1930 aGuevara, Victor  aFilosofía del supranacionalismo / aLima :bLa sierra,c1930 a255 páginas ;c20 cm. aContenido : Fundamentos del supranacionalismo -- La soberanía nacional no es óbice para la supranacionalización. ventajas de esta -- Supranacionalización y el concepto de actual del derecho ... aFilosofía  aNacionalismo aPolítica